Laserové tiskárny Popis, praxe, PostScript

Na minha lista:
Detalhes bibliográficos
Autor principal: Zápalka, Jiří
Formato: Livro
Idioma:tcheco
Publicado em: Praha Grada 1992
Edição:1. vyd.
Assuntos:
Tags: Adicionar Tag
Sem tags, seja o primeiro a adicionar uma tag!

MARC

LEADER 00000nam a2200000 4500
001 c001093
005 20221214085843.9
020 |a 80-85424-30-4 
041 0 |a cze 
044 |a CZ 
245 1 0 |a Laserové tiskárny  |b Popis, praxe, PostScript  |c Jiří Zápalka 
250 |a 1. vyd. 
264 1 |a Praha  |b Grada  |c 1992 
300 |a 251 s. 
610 2 0 |a jazyky programovacie 
610 2 0 |a HP PCL/5 
100 1 |a Zápalka, Jiří